<?xml version="1.0" encoding="UTF-8"?>
<record
    xmlns:xsi="http://www.w3.org/2001/XMLSchema-instance"
    xsi:schemaLocation="http://www.loc.gov/MARC21/slim http://www.loc.gov/standards/marcxml/schema/MARC21slim.xsd"
    xmlns="http://www.loc.gov/MARC21/slim">

  <leader>01367nam0a2200289   4500</leader>
  <controlfield tag="001">rc\2583689</controlfield>
  <controlfield tag="005">20250623120909.0</controlfield>
  <datafield tag="035" ind1=" " ind2=" ">
    <subfield code="a">(NLR Aleph) 006748113</subfield>
  </datafield>
  <datafield tag="090" ind1=" " ind2=" ">
    <subfield code="a">5715653</subfield>
    <subfield code="c">5715653</subfield>
  </datafield>
  <datafield tag="100" ind1=" " ind2=" ">
    <subfield code="a">20110914d1927    |||y0rusy50      ca</subfield>
  </datafield>
  <datafield tag="101" ind1="1" ind2=" ">
    <subfield code="a">rus</subfield>
    <subfield code="c">ger</subfield>
  </datafield>
  <datafield tag="102" ind1=" " ind2=" ">
    <subfield code="a">RU</subfield>
  </datafield>
  <datafield tag="105" ind1=" " ind2=" ">
    <subfield code="a">a   j   000yy</subfield>
  </datafield>
  <datafield tag="200" ind1="1" ind2=" ">
    <subfield code="a">&#x42D;&#x43B;&#x435;&#x43A;&#x442;&#x440;&#x43E;&#x442;&#x435;&#x445;&#x43D;&#x438;&#x447;&#x435;&#x441;&#x43A;&#x438;&#x435; &#x438;&#x437;&#x43C;&#x435;&#x440;&#x438;&#x442;&#x435;&#x43B;&#x44C;&#x43D;&#x44B;&#x435; &#x43F;&#x440;&#x438;&#x431;&#x43E;&#x440;&#x44B;</subfield>
    <subfield code="e">&#x441; 341 &#x440;&#x438;&#x441;. &#x432; &#x442;&#x435;&#x43A;&#x441;&#x442;&#x435;</subfield>
    <subfield code="f">&#x41A;. &#x413;&#x440;&#x443;&#x43D;, &#x438;&#x43D;&#x436;.</subfield>
    <subfield code="g">&#x43F;&#x435;&#x440;. &#x441; &#x43D;&#x435;&#x43C;. &#x438;&#x43D;&#x436;.-&#x44D;&#x43B;&#x435;&#x43A;&#x442;&#x440;. &#x418;. &#x411;. &#x41C;&#x430;&#x43D;&#x434;&#x435;&#x43B;&#x44C;&#x448;&#x442;&#x430;&#x43C;&#x430;</subfield>
  </datafield>
  <datafield tag="210" ind1=" " ind2=" ">
    <subfield code="a">&#x41C;&#x43E;&#x441;&#x43A;&#x432;&#x430;</subfield>
    <subfield code="c">&#x413;&#x43E;&#x441;&#x443;&#x434;&#x430;&#x440;&#x441;&#x442;&#x432;&#x435;&#x43D;&#x43D;&#x43E;&#x435; &#x442;&#x435;&#x445;&#x43D;&#x438;&#x447;&#x435;&#x441;&#x43A;&#x43E;&#x435; &#x438;&#x437;&#x434;-&#x432;&#x43E;</subfield>
    <subfield code="d">1927</subfield>
    <subfield code="e">&#x41B;&#x435;&#x43D;&#x438;&#x43D;&#x433;&#x440;&#x430;&#x434;</subfield>
    <subfield code="g">&#x422;&#x438;&#x43F;&#x43E;-&#x43B;&#x438;&#x442;&#x43E;&#x433;&#x440;&#x430;&#x444;&#x438;&#x44F; "&#x41A;&#x440;&#x430;&#x441;&#x43D;&#x44B;&#x439; &#x43F;&#x435;&#x447;&#x430;&#x442;&#x43D;&#x438;&#x43A;" &#x413;&#x43E;&#x441;&#x442;&#x435;&#x445;&#x438;&#x437;&#x434;&#x430;&#x442;&#x430;</subfield>
  </datafield>
  <datafield tag="215" ind1=" " ind2=" ">
    <subfield code="a">172 &#x441;.</subfield>
    <subfield code="c">&#x438;&#x43B;.</subfield>
    <subfield code="d">27</subfield>
  </datafield>
  <datafield tag="225" ind1="1" ind2=" ">
    <subfield code="a">&#x418;&#x43D;&#x436;&#x435;&#x43D;&#x435;&#x440;&#x43D;&#x43E;-&#x43F;&#x440;&#x43E;&#x43C;&#x44B;&#x448;&#x43B;&#x435;&#x43D;&#x43D;&#x430;&#x44F; &#x431;&#x438;&#x431;&#x43B;&#x438;&#x43E;&#x442;&#x435;&#x43A;&#x430;</subfield>
    <subfield code="h">&#x411;. &#x421;&#x435;&#x440;&#x438;&#x44F; 4</subfield>
    <subfield code="v">&#x2116; II-18</subfield>
  </datafield>
  <datafield tag="316" ind1=" " ind2=" ">
    <subfield code="a">&#x42D;&#x43A;&#x437;. &#x420;&#x41D;&#x411;: &#x432; &#x43F;&#x435;&#x440;&#x435;&#x43F;&#x43B;&#x435;&#x442;&#x435;-&#x43F;&#x430;&#x43F;&#x43A;&#x435;</subfield>
    <subfield code="5">NLR: 7/14-18</subfield>
  </datafield>
  <datafield tag="700" ind1=" " ind2="1">
    <subfield code="a">&#x413;&#x440;&#x443;&#x43D;</subfield>
    <subfield code="b">&#x41A;.</subfield>
    <subfield code="g">&#x41A;&#x43E;&#x43D;&#x440;&#x430;&#x434;</subfield>
  </datafield>
  <datafield tag="702" ind1=" " ind2="1">
    <subfield code="4">730</subfield>
    <subfield code="7">ca</subfield>
    <subfield code="8">rus</subfield>
    <subfield code="a">&#x41C;&#x430;&#x43D;&#x434;&#x435;&#x43B;&#x44C;&#x448;&#x442;&#x430;&#x43C;</subfield>
    <subfield code="b">&#x418;. &#x411;.</subfield>
    <subfield code="f">1885-1954</subfield>
    <subfield code="g">&#x418;&#x441;&#x430;&#x439; &#x411;&#x435;&#x43D;&#x435;&#x434;&#x438;&#x43A;&#x442;&#x43E;&#x432;&#x438;&#x447;</subfield>
    <subfield code="9">133045</subfield>
    <subfield code="3">RU\NLR\AUTH\770133079</subfield>
  </datafield>
  <datafield tag="801" ind1=" " ind2="0">
    <subfield code="a">RU</subfield>
    <subfield code="b">NLR</subfield>
    <subfield code="g">psbo</subfield>
  </datafield>
  <datafield tag="801" ind1=" " ind2="1">
    <subfield code="a">RU</subfield>
    <subfield code="b">ELAR</subfield>
    <subfield code="2">rusmarc</subfield>
  </datafield>
  <datafield tag="852" ind1=" " ind2=" ">
    <subfield code="a">NLR</subfield>
    <subfield code="j">7/14-18</subfield>
  </datafield>
  <datafield tag="942" ind1=" " ind2=" ">
    <subfield code="c">BOOK</subfield>
  </datafield>
  <datafield tag="980" ind1=" " ind2=" ">
    <subfield code="a">NB</subfield>
  </datafield>
  <datafield tag="995" ind1=" " ind2=" ">
    <subfield code="5">2013-10-26</subfield>
    <subfield code="b">NLR02</subfield>
    <subfield code="c">NLR02</subfield>
    <subfield code="e">RFS</subfield>
    <subfield code="f">6748113-10</subfield>
    <subfield code="k">7/14-18</subfield>
    <subfield code="o">0</subfield>
    <subfield code="r">BOOK</subfield>
    <subfield code="s">71418_</subfield>
  </datafield>
</record>
